Pascal (Record no. 33686)
[ view plain ]
| 000 -LEADER | |
|---|---|
| campo de control de longitud fija | 00570nam a2200169 i 4500 |
| 001 - NÚMERO DE CONTROL | |
| campo de control | 33686 |
| 003 - IDENTIFICADOR DE NÚMERO DE CONTROL | |
| campo de control | ES-MaACL |
| 005 - FECHA Y HORA DE LA ÚLTIMA TRANSACCIÓN | |
| campo de control | 20230906154813.0 |
| 007 - CAMPO FIJO DE DESCRIPCIÓN FÍSICA--INFORMACIÓN GENERAL | |
| campo de control de longitud fija | t| |
| 008 - DATOS DE LONGITUD FIJA--INFORMACIÓN GENERAL | |
| campo de control de longitud fija | 030203q1935 mx ||||1| spa d |
| 100 1# - ENTRADA PRINCIPAL--NOMBRE DE PERSONA | |
| Nombre de persona | Bishop, Morris. |
| 9 (RLIN) | 29008 |
| 245 10 - MENCIÓN DEL TÍTULO | |
| Título | Pascal |
| Resto del título | : la vida del genio / |
| Mención de responsabilidad, etc. | Morris Bishop ; [traducción de Mariano de Alarcón]. |
| 260 ## - PUBLICACIÓN, DISTRIBUCIÓN, ETC. | |
| Lugar de publicación, distribución, etc. | México : |
| Nombre del editor, distribuidor, etc. | Hermes, |
| Fecha de publicación, distribución, etc. | [1935?] ( |
| Lugar de fabricación/manufactura | Buenos Aires : |
| Fabricante | Compañía Impresora Argentina) |
| 300 ## - DESCRIPCIÓN FÍSICA | |
| Extensión | 469 p., 1 lám. : |
| Otras características físicas | il. ; |
| Dimensiones | 22 cm. |
| 700 1# - ENTRADA AGREGADA--NOMBRE PERSONAL | |
| Nombre de persona | Alarcón, Mariano de. |
| 9 (RLIN) | 19133 |
| 852 ## - LOCALIZACIÓN | |
| Ubicación | ES-MaACL |
| Número de control de estantería | D-7709 |
| Sublocalización o colección | R.29563 |
| Estatus retirado | Estado de pérdida | Estado de daño | No para préstamo | Biblioteca de origen | Biblioteca actual | Ubicación en estantería | Fecha de adquisición | Fuente de adquisición | Total de préstamos | Signatura topográfica completa | Código de barras | Visto por última vez | Precio de reemplazo | Tipo de ítem Koha |
|---|---|---|---|---|---|---|---|---|---|---|---|---|---|---|
| Biblioteca del Ateneo de Madrid | Biblioteca del Ateneo de Madrid | Sala Valle Inclán | 17/01/2008 | D-7709 | 901035060 | 23/02/2023 | 23/02/2023 | Libro impreso |
